00349nam a2200145Ia 4500008004000000020001800040041000800058082001700066100002200083245002200105260003900127300001100166650001200177650001400189210210b2010 xxu||||| |||| 00| 0 eng d a9788130915784 aeng a808.042 EARB aEARNSHAW (Steven) aBeginning realism aNew DelhibViva Book Pvt Ltdc2010 axi,288 arealism aBeginning